Région du monde de A à Z - la suite - Statistiques

Statistiques générales
  • Ce quiz a été pris 124 fois
  • Le résultat moyen est 13 sur 26
Statistiques - réponses
Lettre Indice Région % Correct
A Terre d'Aliénor, des huîtres, du vin et de la lamproie. Aquitaine
86%
B Ludwig Ier y instaura la fête de la bière au mois d'octobre. Bavière
85%
L Si vous ne trouvez pas, vous êtes une quiche. Lorraine
84%
F Les Experts ou Miami vice y ont été tourné. Floride
83%
I Groupe de rock des années quatre-vingts. Et ancienne colonie française. Indochine
80%
S Grande île italienne ou il vaut mieux ne pas offenser la famille. Sicile
72%
G Communauté autonome celtico-hibère du nord ouest de l'Espagne. Galice
68%
T Annexée de force par la Chine, Tintin y cherche le yéti. Tibet
68%
R Sketch de Cyprien et région d'outre-mer française la plus peuplée. Réunion
67%
K Ses hauts plateaux algériens abritent une population berbère. Kabylie
66%
O Le Grand Lac le plus oriental donne son nom à cette province canadienne. Ontario
65%
P Sud de la péninsule du sud de l'Amérique du sud. Patagonie
59%
H Terres hautes d'origine de Connor MacLeod. Highlands
54%
V Canton suisse francophone dont la capitale est Lausanne. Vaud
47%
E Région d'Italie en deux mots, avec Bologne comme capitale. Emilie-Romagne
46%
X Petite région espagnole donnant son nom à un vin blanc alcoolisé Xérès
45%
C Un pays breton ou un pays anglais d'où viendrait le Roi Arthur. Cornouailles
41%
Y Province canadienne (encore) qui donnerait "Toi Dumb" en franglais approximatif. Yukon
38%
D Un mammifère marin pas si gentil que ça figure sur son blason. Dauphiné
35%
M Avec la Bohème, elle forme l'actuelle République Tchèque. Moravie
32%
W Land allemand associé à la Rhénanie du nord, représenté par un cheval, et coincé entre le Rhin et la Weser. Westphalie
29%
U Etat du nord de l'Inde. Sa population est 3.7 fois plus grande que la population française. Uttar Pradesh
27%
N Ancien royaume berbère à qui il ne vaut mieux pas parler sèchement. Numidie
11%
Q Etat mexicain de la péninsule du Yucatan. C'est une destination touristique comprenant notamment la ville de Cancun. Quintana Roo
6%
Z Péninsule philippine dont le nom vient de la ville de Zamboanga. Zamboanga
5%
J Massif de montagnes norvégiens : - mon premier est l'ainé des Dalton - mon second signifie argent en argot - mon troisième signifie "ainsi soit-il" en hébreu Jotunheimen
3%
Aucun quiz correspondant
Distribution des résultats
% des personnes avec chaque résultat
Percentile par nombre de réponses
Votre historique - résultats
Vous n’avez pas pris ce quiz